[Event "24th ECC"]
[Site "Kallithea GRE"]
[Date "2008.10.17"]
[Round "1"]
[White "Grabliauskas,V"]
[Black "Gilbert,Co"]
[Result "1-0"]
[WhiteElo "2427"]
[BlackElo "1865"]

1.d4 Nf6 2.c4 e6 3.Nc3 Bb4 4.f3 Bxc3+ 5.bxc3 d5 6.cxd5 Nxd5 7.Qd3 b6 8.e4 Ba6
9.Qd2 Bxf1 10.Kxf1 Ne7 11.Ne2 O-O 12.Kf2 Na6 13.a4 c5 14.Ba3 Rc8 15.Rhd1 Qc7
16.d5 exd5 17.exd5 Qd7 18.c4 Nf5 19.Bb2 Nd6 20.Qc3 f6 21.Bc1 Nc7 22.Bf4 Rfe8
23.Ng3 Rcd8 24.h4 Kf7 25.h5 g5 26.hxg6+ hxg6 27.Rh1 Rh8 28.Bg5  1-0

[Event "24th ECC"]
[Site "Kallithea GRE"]
[Date "2008.10.18"]
[Round "2"]
[White "Timofeev,Arty"]
[Black "Stojcevski,Z"]
[Result "1-0"]
[WhiteElo "2670"]
[BlackElo "2392"]

1.d4 Nf6 2.c4 e6 3.Nc3 Bb4 4.f3 Nc6 5.e4 d6 6.Ne2 O-O 7.a3 Bxc3+ 8.Nxc3 e5
9.d5 Ne7 10.Be3 h6 11.Bd3 Nh7 12.O-O g5 13.c5 f5 14.cxd6 cxd6 15.exf5 Bxf5
16.Rc1 a6 17.Ne4 Kh8 18.Qb3 Qd7 19.Rc3 Rac8 20.Rfc1 Rxc3 21.bxc3 Bxe4 22.fxe4 Ng6
23.c4 Nh4 24.Qd1 Nf6 25.c5 dxc5 26.Bxc5 Rc8 27.g3 Ng6 28.a4 Kg7 29.a5 h5
30.Be3 h4 31.Bxg5 hxg3 32.hxg3 Rxc1 33.Bxf6+ Kxf6 34.Qxc1 Qg4 35.Qe3 Nf4
36.Bf1 Ng6 37.Be2 Qh3 38.Qf2+ Kg7 39.Qf3 Qc8 40.Qe3 Qh3 41.Qg5 Kh7 42.Bh5 Nf8
43.Bf7  1-0

[Event "TCh-BEL 2008-9"]
[Site "Belgium BEL"]
[Date "2008.10.19"]
[Round "2"]
[White "Becker,Marce"]
[Black "Van Heirzeele,D"]
[Result "1/2-1/2"]
[WhiteElo "2344"]
[BlackElo "2207"]

1.d4 Nf6 2.c4 e6 3.Nc3 Bb4 4.f3 O-O 5.a3 Bxc3+ 6.bxc3 Nh5 7.Nh3 f5 8.g3 d6
9.e4 Qe8 10.Bg2 fxe4 11.fxe4 Nc6 12.Nf2 e5 13.O-O b6 14.c5 dxc5 15.d5 Na5
16.Bg5 Nc4  1/2-1/2

[Event "TCh-BEL 2008-9"]
[Site "Belgium BEL"]
[Date "2008.10.19"]
[Round "2"]
[White "Docx,S"]
[Black "Eliet,N"]
[Result "0-1"]
[WhiteElo "2331"]
[BlackElo "2435"]

1.d4 Nf6 2.c4 e6 3.Nc3 Bb4 4.f3 c5 5.d5 d6 6.e4 Bxc3+ 7.bxc3 Qa5 8.Ne2 e5
9.Qb3 Nbd7 10.g4 Kd8 11.Ng3 Kc7 12.Nf5 g6 13.Nh6 Rf8 14.Bd3 Ng8 15.O-O f6
16.Nxg8 Rxg8 17.g5 fxg5 18.Bxg5 b6 19.Bh6 g5 20.h4 gxh4+ 21.Kf2 Nf6 22.Rh1 h3
23.Rag1 Bd7 24.Bf1 Rxg1 25.Rxg1 Nh5 26.Qb2  0-1

[Event "WYCC Boys U18"]
[Site "Vung Tau City VIE"]
[Date "2008.10.26"]
[Round "7"]
[White "Posedaru,B"]
[Black "Ertan,C"]
[Result "0-1"]
[WhiteElo "2212"]
[BlackElo "2135"]

1.d4 Nf6 2.c4 e6 3.Nc3 Bb4 4.f3 d5 5.a3 Bxc3+ 6.bxc3 c5 7.cxd5 Nxd5 8.dxc5 f5
9.Qc2 O-O 10.e4 fxe4 11.fxe4 Nf4 12.Nf3 Nd7 13.Bc4 Nxc5 14.O-O Qc7 15.e5 h6
16.Bxf4 Rxf4 17.Ba2 Qf7 18.Nh4 Bd7 19.g3 Ba4 20.Qe2 Rxf1+ 21.Rxf1 Qd7 22.Qg4 Bc2
23.Nf5 Kh7 24.Nd6 Qa4 25.Qb4 b6 26.Rf4 Qc6 27.Bb1 Bd3 28.c4 Kg8 29.Rf7 Rf8
30.Rxf8+ Kxf8 31.Bxd3 Nxd3 32.Qd2 Qc5+ 33.Kg2 Nxe5 34.Ne4 Qc7 35.Qf4+ Kg8
36.h4 Qb8 37.Kh2 Nc6 38.Qg4 Qe5 39.Qg6 Nd4 40.h5 Qf5 41.Qxf5 Nxf5 42.c5 Kf7
43.g4 Ne3 44.cxb6 axb6 45.Nd6+ Kf6 46.Kg3 e5 47.Kf3 Nd5 48.Ke4 Ke6 49.Nf5 Nf6+
50.Kf3 Nxh5  0-1

[Event "21st Belgrade Trophy"]
[Site "Obrenovac SRB"]
[Date "2008.11.01"]
[Round "5"]
[White "Posedaru,B"]
[Black "Miladinovic,L"]
[Result "1-0"]
[WhiteElo "2212"]
[BlackElo "1886"]

1.d4 Nf6 2.c4 e6 3.Nc3 Bb4 4.f3 Nc6 5.a3 Bxc3+ 6.bxc3 b6 7.e4 Ba6 8.Bd3 Na5
9.Nh3 Bxc4 10.Bxc4 Nxc4 11.Bg5 h6 12.Bh4 g5 13.Qe2 Na5 14.Bg3 Nh5 15.Bf2 Nf4
16.Nxf4 gxf4 17.g3 fxg3 18.hxg3 d5 19.Be3 dxe4 20.fxe4 Qd6 21.Qf3 O-O-O 22.e5 Qc6
23.Qxc6 Nxc6 24.Kf2 h5 25.Rh4 Na5 26.Rah1 Nc4 27.g4 Nxe3 28.Kxe3 Rhg8 29.gxh5 Rg3+
30.Kf4 Rg2 31.Rg4 Rxg4+ 32.Kxg4 Kd7 33.h6 Ke7 34.h7 Rh8 35.Kg5 Kf8 36.Kh6 f5
37.exf6 Kf7 38.Rg1 c5 39.Rg7+ Kf8 40.f7  1-0

[Event "Corus Internet Qualifier"]
[Site "ICC INT"]
[Date "2008.11.02"]
[Round "2.2"]
[White "Bluvshtein,M"]
[Black "Salgado Lopez,I"]
[Result "1/2-1/2"]
[WhiteElo "2557"]
[BlackElo "2556"]

1.d4 Nf6 2.c4 e6 3.Nc3 Bb4 4.f3 O-O 5.a3 Bxc3+ 6.bxc3 Ne8 7.e4 c5 8.f4 Qh4+
9.g3 Qe7 10.Nf3 b6 11.Bd3 Bb7 12.O-O f5 13.e5 d6 14.d5 Nd7 15.dxe6 Qxe6 16.Ng5 Qe7
17.e6 Nb8 18.Re1 Nc6 19.g4 g6 20.gxf5 gxf5 21.Ra2 Ng7 22.Rg2 Nd8 23.Rg3 Rf6
24.Bc2 Ndxe6 25.Qe2 Kh8 26.Qf1 Rg8 27.Qh3 h6 28.Nxe6 Nxe6 29.Bxf5 Rxg3+ 30.hxg3 Bc8
31.Bg4 Nxf4 32.Qxh6+ Rxh6 33.Rxe7 Bxg4 34.Bxf4 Rh7 35.Rxh7+ Kxh7 36.Bxd6 a6
37.a4 Bd7 38.Bc7 Bxa4 39.Bxb6 Bb3 40.Bxc5 a5 41.Kf2 a4 42.Ke3 Bxc4 43.Kd4 Bb5
44.c4 Bd7 45.Ke5 Kg6 46.Be7 Kh5 47.Kf4 Be6 48.c5 Bd7 49.Bf6 a3 50.Bc3 a2
51.Be5 Kg6 52.g4 Bc6 53.g5 Bd7 54.Ba1  1/2-1/2

[Event "38th Olympiad"]
[Site "Dresden GER"]
[Date "2008.11.14"]
[Round "2"]
[White "Montalvo,A"]
[Black "Patriarca,L"]
[Result "1/2-1/2"]
[WhiteElo "2223"]
[BlackElo "2318"]

1.d4 Nf6 2.c4 e6 3.Nc3 Bb4 4.f3 d5 5.a3 Bxc3+ 6.bxc3 c5 7.e3 O-O 8.cxd5 exd5
9.Bd3 b6 10.Ne2 Ba6 11.O-O Re8 12.Ng3 Bxd3 13.Qxd3 Nc6 14.Ra2 Qd7 15.Re2 Rad8
16.Bb2 Re6 17.Rd1 cxd4 18.cxd4 Na5 19.e4 Rc8 20.e5 Ne8 21.f4 Rec6 22.f5 Nc4
23.Qf3 Nxb2 24.Rxb2 Rc3 25.Rd3 Qa4 26.Rxc3 Qxd4+ 27.Re3 Qxb2 28.Qxd5 Qb1+
29.Kf2 Qc2+ 30.Kf3 Qc6 31.Ke4 Qc2+ 32.Kf3 Qc6 33.Qxc6 Rxc6 34.Rd3 Kf8 35.Rd7 Rc7
36.e6 fxe6 37.fxe6 Rc6 38.e7+ Kf7 39.Rxa7 Rc7 40.Ra6 Kxe7 41.Rxb6 Rc3+ 42.Kf4 Rxa3
43.Rb7+ Kf8 44.Nf5 Ra4+ 45.Kf3 Rc4 46.g4 Rc7 47.Rb8 Kf7 48.h4 Rd7 49.g5 Nd6
50.Nxd6+ Rxd6  1/2-1/2

[Event "38th Olympiad"]
[Site "Dresden GER"]
[Date "2008.11.22"]
[Round "9"]
[White "Del Castilho,M"]
[Black "Constantinou,Pa"]
[Result "1-0"]
[WhiteElo "2161"]
[BlackElo "2093"]

1.d4 Nf6 2.c4 e6 3.Nc3 Bb4 4.f3 d5 5.a3 Bxc3+ 6.bxc3 b6 7.cxd5 exd5 8.e3 O-O
9.Bd3 Bb7 10.Ne2 Nbd7 11.O-O Re8 12.Ng3 c5 13.Ra2 Nf8 14.Re2 Ng6 15.Kh1 Rc8
16.e4 cxd4 17.cxd4 dxe4 18.fxe4 Qxd4 19.e5 Rxe5 20.Bb2 Qd5 21.Bxe5 Nxe5 22.Bxh7+ Kxh7
23.Qxd5 Bxd5 24.Rxe5 Rc2 25.Re2 Rc3 26.Ra1 Nd7 27.Rd2 Bc6 28.Ne2 Rc4 29.Nd4 Ba4
30.Nf3 Nf6 31.Rd4 b5 32.Rxc4 bxc4 33.Rc1 a5 34.Rxc4 Bb3 35.Rc5 a4 36.Nd2 Bd1
37.Kg1 Kg6 38.Kf2 Bg4 39.Ke3 Bd7 40.Nc4 Ng4+ 41.Kf4 Be6 42.Ne5+ Nxe5 43.Rxe5 Kf6
44.Ra5 Bb3 45.Ra6+ Ke7 46.Ke5 f6+ 47.Kd4 g5 48.g4 Bd1 49.Kc3 Kf7 50.Kb4 Bxg4
51.Rxa4 Kg6 52.Kc3 Kh5 53.Kd2 Bf3 54.Ke3 g4 55.Rf4  1-0

[Event "21st Belgrade Trophy"]
[Site "Obrenovac SRB"]
[Date "2008.11.27"]
[Round "1"]
[White "Posedaru,B"]
[Black "Bozilov,D"]
[Result "1-0"]
[WhiteElo "2212"]
[BlackElo "1863"]

1.d4 Nf6 2.c4 e6 3.Nc3 Bb4 4.f3 c5 5.a3 Bxc3+ 6.bxc3 d5 7.cxd5 Nxd5 8.dxc5 Qa5
9.e4 Qxc3+ 10.Bd2 Qe5 11.Ne2 Nf6 12.Bc3 Qg5 13.h4 Qg6 14.Qd6 Nc6 15.Rd1 Nxe4
16.fxe4 Qxe4 17.Bxg7 Rg8 18.Bf6  1-0

[Event "58th ch-GRE"]
[Site "Rhodes GRE"]
[Date "2008.12.02"]
[Round "3"]
[White "Filippas,S"]
[Black "Nikolaidis,I"]
[Result "1/2-1/2"]
[WhiteElo "2221"]
[BlackElo "2529"]

1.d4 Nf6 2.c4 e6 3.Nc3 Bb4 4.f3 d5 5.a3 Bxc3+ 6.bxc3 c5 7.cxd5 exd5 8.e3 O-O
9.Bd3 b6 10.Ne2 Ba6 11.O-O Re8 12.Ng3 Bxd3 13.Qxd3 Nc6 14.Ra2 Qd7 15.Re2 Re6
16.Bb2 Rd8 17.Rd1 cxd4 18.cxd4 Na5 19.e4 Qa4 20.e5 Ne8 21.f4 Rc8 22.Nf5 Nc4
23.Bc1 Qd7 24.Qh3 Rc7 25.Rf1 Rec6 26.Bd2 Qe6 27.g4 Nxd2 28.Rxd2 Rc1 29.Qf3 Rxf1+
30.Kxf1 h5 31.h3 hxg4 32.hxg4 b5 33.Kg2 a5 34.Qb3 Qg6 35.Kf3 Qh7 36.Ng3 a4
37.Qxb5 Rc3+ 38.Kg2 Qh4 39.Rd3 Rc2+ 40.Kf3 Nc7 41.Qb8+ Kh7 42.Qc8 Qh2 43.Qf5+ Kg8
44.Qc8+ Kh7 45.Qf5+  1/2-1/2

[Event "58th ch-GRE"]
[Site "Rhodes GRE"]
[Date "2008.12.04"]
[Round "5"]
[White "Filippas,S"]
[Black "Kapnisis,S"]
[Result "0-1"]
[WhiteElo "2221"]
[BlackElo "2418"]

1.d4 Nf6 2.c4 e6 3.Nc3 Bb4 4.f3 d5 5.a3 Bd6 6.e4 c5 7.cxd5 exd5 8.Bb5+ Bd7
9.e5 cxd4 10.exf6 dxc3 11.Bxd7+ Nxd7 12.fxg7 Rg8 13.Ne2 Rxg7 14.Qxd5 Qb6
15.Qe4+ Ne5 16.Bf4 cxb2 17.Rb1 f6 18.Be3 f5 19.Qa4+ Qc6 20.Qb3 Rxg2 21.Qe6+ Kd8
22.Nd4 Nxf3+ 23.Kf1 Nxd4 24.Qf6+ Ke8 25.Qh8+ Bf8 26.Qe5+ Kf7  0-1

[Event "III Open"]
[Site "Palma de Mallorca ESP"]
[Date "2008.12.06"]
[Round "1"]
[White "Sirletti,S"]
[Black "Sanchez Guirado,F"]
[Result "0-1"]
[WhiteElo "1965"]
[BlackElo "2415"]

1.d4 Nf6 2.c4 e6 3.Nc3 Bb4 4.f3 c5 5.a3 Bxc3+ 6.bxc3 O-O 7.e3 Nc6 8.Bd3 b6
9.Ne2 Ba6 10.Ng3 Na5 11.Qe2 Rc8 12.e4 Ne8 13.d5 e5 14.Nf5 Nb3 15.Rb1 Nxc1
16.Rxc1 g6 17.Ne3 Nd6 18.h4 Qf6 19.g3 Rce8 20.Kd2 Qd8 21.h5 Qg5 22.Kc2 Kg7
23.Rh3 f5 24.hxg6 fxe4 25.Bxe4 hxg6 26.Rch1 Rh8 27.Qd3 Rxh3 28.Rxh3 b5 29.Qe2 bxc4
30.Ng4 Nxe4 31.Qxe4 Bb5 32.Qe3 Qxe3 33.Nxe3 Rf8 34.Rh4 Rxf3 35.Nxc4 g5 36.Re4 d6
37.g4 Bxc4 38.Rxc4 Rf4 39.Kd3 Rxc4 40.Kxc4 e4  0-1

[Event "TCh-BEL 2008-9"]
[Site "Belgium BEL"]
[Date "2008.12.07"]
[Round "5"]
[White "Veltkamp,G"]
[Black "Roeder,M"]
[Result "0-1"]
[WhiteElo "2221"]
[BlackElo "2432"]

1.d4 Nf6 2.c4 e6 3.Nc3 Bb4 4.f3 d5 5.a3 Bxc3+ 6.bxc3 c5 7.cxd5 Nxd5 8.dxc5 Qa5
9.e4 Nf6 10.Be3 O-O 11.Qc1 Nfd7 12.Rb1 Qc7 13.a4 Nxc5 14.Qa3 b6 15.a5 Ba6
16.Bxc5 bxc5 17.Bb5 Bxb5 18.Rxb5 Nd7 19.Ne2 Rab8 20.Rxb8 Rxb8 21.O-O a6 22.Rd1 Ne5
23.Qa4 h5 24.f4 Qc6 25.Qxc6 Nxc6 26.Rd6 Nxa5 27.Rxa6 Nc4 28.Kf2 Rb2 29.Ra4 Nd2
30.h3 f5 31.exf5 exf5 32.Ke3 h4 33.g4 Nf1+ 34.Kf3 fxg4+ 35.hxg4 Nh2+ 36.Ke3 Nxg4+
37.Kf3 Nf6 38.f5 h3 39.Rh4 Nd5 40.Ke4 Nxc3+ 41.Nxc3 Rb4+  0-1

[Event "III Open"]
[Site "Palma de Mallorca ESP"]
[Date "2008.12.08"]
[Round "3"]
[White "Villalonga Coll,J"]
[Black "Khantuev,A"]
[Result "0-1"]
[WhiteElo "2063"]
[BlackElo "2349"]

1.d4 Nf6 2.c4 e6 3.Nc3 Bb4 4.f3 O-O 5.e4 d5 6.cxd5 exd5 7.e5 Ne8 8.Bd3 c5
9.Ne2 Nc6 10.a3 cxd4 11.axb4 dxc3 12.f4 Nxb4 13.bxc3 Nxd3+ 14.Qxd3 Nc7 15.O-O Bd7
16.Nd4 Re8 17.Ba3 a6 18.Nf5 Bxf5 19.Qxf5 Nb5 20.Qd3 Qc7 21.Qxd5 Rad8 22.Bd6 Nxd6
23.exd6 Rxd6 24.Qf3 h6 25.Rfe1 Rde6 26.Rxe6 Rxe6 27.h3 b5 28.f5 Qc5+ 29.Qf2 Qxc3
30.Rd1 Re8 31.Qa7 Qe3+ 32.Qxe3 Rxe3 33.Ra1 Re5 34.Rxa6 Rxf5 35.g4 Rc5 36.Kf2 h5
37.Kg3 hxg4 38.hxg4 Rc3+ 39.Kf4 b4 40.g5 g6 41.Rb6 Rb3 42.Rb8+ Kg7 43.Kg4 Rb1
44.Kg3 b3 45.Kg2 f5 46.Rb7+ Kf8 47.Rb6 b2 48.Kh2 Ke7 49.Kg2 f4 50.Rb3 Ke6
51.Rb5 f3+ 52.Kh2 f2 53.Rb6+ Kd7 54.Rb7+ Kc6  0-1

[Event "III Open"]
[Site "Palma de Mallorca ESP"]
[Date "2008.12.12"]
[Round "7"]
[White "Alonso Rosell,A"]
[Black "Diez Fraile,M"]
[Result "1-0"]
[WhiteElo "2416"]
[BlackElo "2131"]

1.d4 Nf6 2.c4 e6 3.Nc3 Bb4 4.f3 c5 5.d5 O-O 6.e4 Bxc3+ 7.bxc3 d6 8.Bd3 Nh5
9.Ne2 Qh4+ 10.g3 Qh3 11.Kf2 e5 12.Ng1 Qd7 13.f4 Nf6 14.f5 b5 15.g4 bxc4 16.Bc2 Ne8
17.Ne2 Qd8 18.h4 Nd7 19.Ng3 Nb6 20.Bg5 f6 21.Be3 Bb7 22.a4 Nc7 23.Rb1 Rb8
24.Qd2 Ba8 25.Rhg1 Qd7 26.g5 Kh8 27.Nh5 Nbxd5 28.Rxb8 Rxb8 29.exd5 Nxd5 30.gxf6 Nxf6
31.Nxf6 gxf6 32.Qd1 Bc6 33.Bh6 Rg8 34.Rxg8+ Kxg8 35.Qg4+ Kh8 36.Qxc4 d5 37.Qxc5 Kg8
38.Qf8+  1-0

[Event "Open A"]
[Site "Groningen NED"]
[Date "2008.12.21"]
[Round "1"]
[White "Bitalzadeh,A"]
[Black "Pham,To"]
[Result "1/2-1/2"]
[WhiteElo "2370"]
[BlackElo "2117"]

1.d4 Nf6 2.c4 e6 3.Nc3 Bb4 4.f3 d5 5.a3 Be7 6.e4 dxe4 7.fxe4 e5 8.d5 O-O
9.Nf3 Nbd7 10.b4 a5 11.Rb1 b6 12.Bd3 Nh5 13.O-O Bd6 14.g3 g6 15.Bh6 Ng7 16.Nb5 Qe7
17.Qb3 Ba6 18.Nc3 Bc8 19.Kg2 Kh8 20.Ng5 Nf6 21.Be2 Ng8 22.Bxg7+ Kxg7 23.Nf3 Bd7
24.Ne1 axb4 25.axb4 Ra7 26.Nd3 f6 27.Bf3 Rfa8 28.Rfc1 Nh6 29.Qc2 Nf7 30.Qf2 c5
31.dxc6 Bxc6 32.Qxb6 Qd7 33.b5 Bb7 34.Nf2 Qe7 35.Nd3 Ng5 36.Qe3 Nxf3 37.Qxf3 Bc5
38.Nd5 Bxd5 39.cxd5 Ra2+ 40.Kh1 Bb6 41.Qg4 Rd2 42.Rd1 Raa2 43.Rxd2 Rxd2 44.Rd1 Re2
45.Qe6 Qa7 46.d6 Qa4 47.Qd5 Rxh2+ 48.Kxh2 Qxd1 49.Qb7+ Kh6 50.Qxb6 Qxd3 51.Qc5 Qe2+
52.Kg1 Qe1+ 53.Kg2 Qe2+ 54.Qf2 Qxe4+ 55.Qf3 Qd4 56.Qxf6 Qd5+ 57.Kh2 Qxb5
58.Qf8+ Kg5 59.Qe7+ Kh6 60.Qf8+ Kg5 61.Qe7+ Kh6 62.Qh4+ Kg7  1/2-1/2

[Event "8th Amplico AIG Life Rapid"]
[Site "Warsaw POL"]
[Date "2008.12.21"]
[Round "13"]
[White "Kuzmicz,K"]
[Black "Kukula,P"]
[Result "0-1"]
[WhiteElo "2408"]
[BlackElo "2247"]

1.d4 Nf6 2.c4 e6 3.Nc3 Bb4 4.f3 c5 5.a3 Bxc3+ 6.bxc3 Nc6 7.e3 O-O 8.Bd3 Nh5
9.Nh3 f5 10.O-O d6 11.Bd2 Qe7 12.Rb1 b6 13.Qa4 Bd7 14.Qc2 e5 15.Rbe1 Rae8
16.Nf2 Qh4 17.d5 Na5 18.e4 f4 19.Bc1 Rf6 20.h3 Ng3 21.Nh1 Nxf1 22.Kxf1 Rg6
23.Qf2 Qxf2+ 24.Nxf2 Ba4 25.Nd1 h5 26.Nb2 Bb3 27.Bd2 Rg3 28.Rb1 Rg6 29.Be1 Kh7
30.Bh4 Kh6 31.Kf2 Kh7 32.Kf1 Kg8 33.Kf2 Kf7 34.Kf1 Rh6 35.Bg5 Rhh8 36.h4 Nb7
37.Nd1 Ba4 38.Nb2 Bd7 39.Kf2 Kg6 40.Kf1 Nd8 41.Bxd8 Rxd8 42.Kf2 Kf6 43.a4 g5
44.hxg5+ Kxg5 45.a5 Rb8 46.Nd1 bxa5  0-1

[Event "Open A"]
[Site "Groningen NED"]
[Date "2008.12.26"]
[Round "5"]
[White "Heller,M"]
[Black "De Groote,E"]
[Result "0-1"]
[WhiteElo "2024"]
[BlackElo "2208"]

1.d4 Nf6 2.c4 e6 3.Nc3 Bb4 4.f3 c5 5.d5 d6 6.e4 O-O 7.Bd3 exd5 8.cxd5 Nh5
9.Be3 f5 10.Qd2 fxe4 11.Bxe4 Nf6 12.O-O-O Nxe4 13.fxe4 Bg4 14.Re1 Nd7 15.Bg5 Qe8
16.h3 Bh5 17.g4 Bg6 18.Rh2 Ne5 19.h4 Nxg4 20.Rg2 Ne5 21.Rg3 c4 22.Bf4 Nd3+
23.Rxd3 cxd3 24.Nh3 Rc8 25.e5 Qb5 26.exd6 Rxc3+  0-1

[Event "5th Open"]
[Site "Vandoeuvre les Nancy FRA"]
[Date "2008.12.27"]
[Round "3"]
[White "Kantorik,M"]
[Black "Chobaut,N"]
[Result "1-0"]
[WhiteElo "2288"]
[BlackElo "1987"]

1.d4 e6 2.c4 Nf6 3.Nc3 Bb4 4.f3 d5 5.a3 Bxc3+ 6.bxc3 c5 7.cxd5 exd5 8.e3 O-O
9.Bd3 b6 10.Ne2 Ba6 11.Bxa6 Nxa6 12.O-O Re8 13.Re1 Nb8 14.Ng3 Nc6 15.Bb2 cxd4
16.cxd4 Na5 17.e4 Rc8 18.e5 Nd7 19.f4 Re6 20.Bc1 Nf8 21.Nf5 Qd7 22.Qg4 g6
23.Nh6+ Kh8 24.f5 Rec6 25.Bg5 Nc4 26.e6  1-0

[Event "Open A"]
[Site "Groningen NED"]
[Date "2008.12.28"]
[Round "7"]
[White "Heller,M"]
[Black "Pham,To"]
[Result "1/2-1/2"]
[WhiteElo "2024"]
[BlackElo "2117"]

1.d4 Nf6 2.c4 e6 3.Nc3 Bb4 4.f3 d5 5.a3 Be7 6.e4 dxe4 7.fxe4 e5 8.d5 Bc5
9.Nf3 Bg4 10.Bd3 a5 11.h3 Bxf3 12.Qxf3 Nbd7 13.Bg5 O-O 14.O-O-O c6 15.g4 Qc7
16.Kb1 a4 17.Bxf6 Nxf6 18.Bc2 Bd4 19.Ne2 c5 20.Nxd4 exd4 21.e5 Qxe5 22.g5 Ne8
23.Rde1 Qc7 24.h4 Nd6 25.h5 Rae8 26.Rxe8 Rxe8 27.h6 Qe7 28.hxg7 Qxg5 29.Bxh7+ Kxg7
30.Bc2 Re3 31.Rh7+ Kf8 32.Qh1 d3 33.Bxa4 d2 34.Qh2 Re1+ 35.Ka2 Ke7 36.Rh6 Re5
37.Qh3 b5 38.cxb5 Rxd5 39.b6 Nb7 40.Qh1 Nd6 41.Rh3  1/2-1/2

[Event "Masters"]
[Site "Hastings ENG"]
[Date "2008.12.29"]
[Round "2"]
[White "Neverov,V"]
[Black "Eggleston,D"]
[Result "1-0"]
[WhiteElo "2571"]
[BlackElo "2368"]

1.d4 Nf6 2.c4 e6 3.Nc3 Bb4 4.f3 d5 5.a3 Bxc3+ 6.bxc3 c5 7.cxd5 Nxd5 8.Qd2 f5
9.Nh3 O-O 10.e3 Nc6 11.Rb1 cxd4 12.cxd4 b6 13.Bb5 Bb7 14.O-O Nc7 15.Be2 Ba6
16.Bxa6 Nxa6 17.Bb2 Nc7 18.Nf4 Ne7 19.Rbc1 Ned5 20.Nd3 Na6 21.e4 fxe4 22.fxe4 Nf6
23.Qe2 Nc7 24.Nf4 Nfe8 25.d5 exd5 26.exd5 Qd7 27.Ne6 Nxe6 28.dxe6 Qe7 29.Rxf8+ Qxf8
30.Qe4 Rb8 31.Qe5 Qd6 32.Qe4 Qe7 33.Rf1 Nd6 34.Qe5 Rf8 35.Rxf8+ Kxf8 36.Bc3 a5
37.Bd4 Qc7 38.h3 Ne8 39.Qe3 Nd6 40.Bxb6 Qc6 41.Bxa5  1-0

[Event "38th Rilton Cup 2008-9"]
[Site "Stockholm SWE"]
[Date "2008.12.29"]
[Round "3"]
[White "Sisatto,O"]
[Black "Stips,F"]
[Result "1-0"]
[WhiteElo "2283"]
[BlackElo "2105"]

1.d4 Nf6 2.c4 e6 3.Nc3 Bb4 4.f3 d5 5.a3 Bxc3+ 6.bxc3 c5 7.cxd5 Nxd5 8.dxc5 f5
9.Qc2 Qh4+ 10.g3 Qf6 11.e4 fxe4 12.fxe4 O-O 13.Bg2 Qxc3+ 14.Qxc3 Nxc3 15.a4 Bd7
16.Nf3 Nxa4 17.Ne5 Nxc5 18.Ba3 b6 19.Bxc5 bxc5 20.Bh3 Re8 21.O-O Bc8 22.Nc4 Ba6
23.Nd6 Re7 24.Rfc1 Bd3 25.Nc8 Re8 26.Nd6 Re7 27.Nc8 Re8 28.Nd6 Re7 29.Rxc5 Nd7
30.Rc7 Kf8 31.Raxa7 Rxa7 32.Rc8+  1-0

[Event "38th Rilton Cup 2008-9"]
[Site "Stockholm SWE"]
[Date "2009.01.02"]
[Round "6"]
[White "Meskovs,N"]
[Black "Mardell,Ji"]
[Result "1/2-1/2"]
[WhiteElo "2247"]
[BlackElo "2184"]

1.d4 Nf6 2.c4 e6 3.Nc3 Bb4 4.f3 d5 5.a3 Bxc3+ 6.bxc3 c5 7.cxd5 Nxd5 8.dxc5 Qa5
9.e4 Ne7 10.Be3 O-O 11.Qb3 Qc7 12.Bb5 Nec6 13.Ne2 Na5 14.Qa4 a6 15.Bd3 Nd7
16.f4 e5 17.f5 Nxc5 18.Bxc5 Qxc5 19.Qb4 Qe3 20.Qxa5 Qxd3 21.Qxe5 Rd8 22.Kf2 Bd7
23.Rhd1 Qb5 24.Qxb5 Bxb5 25.Rxd8+ Rxd8 26.a4 Bc6 27.Ke3 Re8 28.Ng3 g6 29.fxg6 hxg6
30.Rb1 Re5 31.Rb4 Ra5 32.Ne2 Rxa4 33.Nd4 Ra3 34.Kd3 Ra2 35.Nxc6 bxc6 36.Rb6 Rxg2
37.Rxc6 Rxh2 38.Rxa6 Kf8 39.c4 Ke7 40.c5 Rf2 41.Kd4 g5 42.Kd5 g4 43.c6 g3
44.Ra7+ Kd8 45.Ra8+  1/2-1/2

[Event "Masters"]
[Site "Hastings ENG"]
[Date "2009.01.03"]
[Round "7"]
[White "Cilia Vincenti,D"]
[Black "Mohammed Abdul,M"]
[Result "0-1"]
[WhiteElo "2108"]
[BlackElo "2264"]

1.d4 Nf6 2.c4 e6 3.Nc3 Bb4 4.f3 c5 5.d5 exd5 6.cxd5 d6 7.e4 O-O 8.Ne2 Re8
9.Ng3 a6 10.Be2 Nbd7 11.O-O Rb8 12.a4 Nf8 13.Bg5 h6 14.Be3 Ng6 15.Rb1 Bd7
16.Na2 Ba5 17.b4 cxb4 18.Nxb4 Bb6 19.Nc2 Bxe3+ 20.Nxe3 b5 21.Qd4 Nf4 22.Rfc1 N6h5
23.Bf1 Nxg3 24.hxg3 Nh5 25.axb5 axb5 26.Kf2 Qg5 27.g4 Qh4+ 28.Ke2 Nf4+ 29.Kd1 b4
30.Rxb4 Rxb4 31.Qxb4 Qf2 32.Qe1 Ba4+ 33.Nc2 Qc5 34.Qd2 g5 35.g3 Ng6 36.Bd3 Ne5
37.Ke2 Nxd3  0-1

[Event "5th IRT"]
[Site "Merlo ARG"]
[Date "2009.01.03"]
[Round "8"]
[White "Barrionuevo,P"]
[Black "Sapienza,J"]
[Result "1-0"]
[WhiteElo "2341"]
[BlackElo "2169"]

1.d4 Nf6 2.c4 e6 3.Nc3 Bb4 4.f3 d5 5.a3 Bxc3+ 6.bxc3 c6 7.e3 O-O 8.Bd3 Nbd7
9.cxd5 cxd5 10.Ne2 e5 11.Ng3 Re8 12.O-O e4 13.fxe4 dxe4 14.Be2 Nb6 15.c4 Bd7
16.Bd2 Qc8 17.Rxf6 Ba4 18.Qf1 gxf6 19.Nh5 Re6 20.d5 Rd6 21.Qf4 Qf8 22.Bb4 Rad8
23.Qg3+ Kh8 24.c5 a5 25.Bxa5 Nxd5 26.cxd6 Rxd6 27.Rc1 Bc6 28.Rd1 Re6 29.Nf4 Nxf4
30.Qxf4 Qxa3 31.Rd8+ Be8 32.Rxe8+ Rxe8 33.Qxf6+ Kg8 34.Bc3 Kf8 35.Bc4 Qc1+
36.Kf2  1-0

[Event "XX Open"]
[Site "Roquetas de Mar ESP"]
[Date "2009.01.03"]
[Round "1"]
[White "Garcia Blazquez Perez,M"]
[Black "Rizouk,A"]
[Result "0-1"]
[WhiteElo "1960"]
[BlackElo "2518"]

1.d4 Nf6 2.c4 e6 3.Nc3 Bb4 4.f3 O-O 5.a3 Bxc3+ 6.bxc3 Ne8 7.e4 b6 8.Bd3 c5
9.Be3 Nc6 10.e5 Ba6 11.Nh3 Na5 12.Qe2 Rc8 13.Rc1 f5 14.exf6 Nxf6 15.O-O Qc7
16.Rc2 cxd4 17.cxd4 Bxc4 18.Rfc1 b5 19.Rb2 Qd6 20.Qc2 Qxa3 21.Bf1  0-1

[Event "7th Parsvnath Open"]
[Site "New Delhi IND"]
[Date "2009.01.12"]
[Round "3"]
[White "Praveen Kumar,C1"]
[Black "Roy,Pr"]
[Result "1-0"]
[WhiteElo "2360"]
[BlackElo "2071"]

1.d4 Nf6 2.c4 e6 3.Nc3 Bb4 4.f3 c5 5.d5 d6 6.e4 O-O 7.Ne2 Re8 8.Ng3 exd5
9.cxd5 Nbd7 10.Be2 a6 11.a4 Ne5 12.O-O Bd7 13.Bg5 h6 14.Be3 Qc7 15.Kh1 Kh7
16.f4 Ng6 17.Bd3 Bxc3 18.bxc3 Nxd5 19.Bd2 c4 20.Bc2 Nf6 21.Nh5 Nxh5 22.Qxh5 Bc6
23.f5 Ne5 24.f6 Re6 25.Rf5 Rb8 26.Raf1 Kg8 27.fxg7 Kxg7 28.Bf4 Be8 29.Qh4 b5
30.axb5 axb5 31.Qg3+ Rg6 32.Qf2 Kg8 33.Qd4 Nc6 34.Qd2 Ne5 35.Bd1 Nd3 36.Be3 Rg7
37.Bd4 Bd7 38.Rf6 Be6 39.Qa2 Qb7 40.Qa5  1-0

[Event "Bela Perenyi Mem"]
[Site "Budapest HUN"]
[Date "2009.01.15"]
[Round "7"]
[White "Zentai,P2"]
[Black "Antos,Z"]
[Result "1-0"]
[WhiteElo "2228"]
[BlackElo "2082"]

1.d4 Nf6 2.c4 e6 3.Nc3 Bb4 4.f3 d5 5.a3 Bxc3+ 6.bxc3 c5 7.cxd5 exd5 8.e3 O-O
9.Bd3 Nc6 10.Ne2 Be6 11.O-O b6 12.Ra2 Ne7 13.Ng3 Qc7 14.Re2 Rfd8 15.Bb2 Nc6
16.Ree1 Ne8 17.Qe2 f6 18.e4 cxd4 19.cxd4 dxe4 20.Qxe4 Bf7 21.Qxh7+ Kf8 22.Rc1 Bg8
23.Qh8 Qd7 24.Bh7 Ne7 25.Nf5 Nxf5 26.Qxg8+ Ke7 27.Rfe1+ Kd6 28.a4  1-0

[Event "ch-PriFO"]
[Site "Kazan RUS"]
[Date "2009.01.21"]
[Round "1"]
[White "Khairullin,I"]
[Black "Politov,P"]
[Result "1-0"]
[WhiteElo "2574"]
[BlackElo "2201"]

1.d4 Nf6 2.c4 e6 3.Nc3 Bb4 4.f3 c5 5.d5 b5 6.e4 bxc4 7.Bxc4 Nxd5 8.Bxd5 exd5
9.Qxd5 Nc6 10.Ne2 Ba6 11.Kf2 Bxc3 12.bxc3 Bxe2 13.Kxe2 Qb6 14.Rd1 O-O 15.Bf4 Qb2+
16.Bd2 Qb5+ 17.Kf2 Ne7 18.a4 Nxd5 19.axb5 Nb6 20.Bf4 Rfc8 21.Ra6 f5 22.exf5 d5
23.g4 d4 24.cxd4 Nd5 25.Bd6 Nc3 26.Rd3 cxd4 27.Rxd4 Nxb5 28.Rd2 Rc3 29.Be5 Rc5
30.Re6 Nc7 31.Re7 Ne8 32.Rdd7 Rxe5 33.Rxe5 Nf6  1-0

[Event "TCh-HUN 2008-9"]
[Site "Budapest HUN"]
[Date "2009.01.25"]
[Round "6"]
[White "Forintos,G"]
[Black "Sinkovics,P"]
[Result "1-0"]
[WhiteElo "2338"]
[BlackElo "2316"]

1.d4 Nf6 2.c4 e6 3.Nc3 Bb4 4.f3 O-O 5.a3 Bxc3+ 6.bxc3 Ne8 7.Nh3 b6 8.a4 f6
9.Ba3 Rf7 10.c5 d6 11.cxd6 cxd6 12.e4 Ba6 13.Bxa6 Nxa6 14.Qd3 Qc8 15.O-O Rc7
16.Rfc1 Rc4 17.Nf4 Kf7 18.Bc5 Rxc5 19.dxc5 Nxc5 20.Qc4 Qd7 21.Rd1 Rc8 22.Qb5 Qd8
23.Ra2 Nc7 24.Qc4 g5 25.Ne2 d5 26.Qb4 Qe8 27.a5 N7a6 28.Qb1 dxe4 29.axb6 axb6
30.fxe4 Rd8 31.Rf1 Rb8 32.Nd4 Kg7 33.Qe1 e5 34.Nf5+ Kg6 35.Qe2 b5 36.h4 Rb6
37.Ng3 Kh6 38.Qe3 Qd8 39.Rd2  1-0

[Event "ch-PriFO"]
[Site "Kazan RUS"]
[Date "2009.01.26"]
[Round "6"]
[White "Volodin,I"]
[Black "Vafin,A"]
[Result "1/2-1/2"]
[WhiteElo "2172"]
[BlackElo "2051"]

1.d4 e6 2.c4 Nf6 3.Nc3 Bb4 4.f3 d5 5.a3 Bxc3+ 6.bxc3 h6 7.e4 dxe4 8.fxe4 Nxe4
9.Qg4 f5 10.Qxg7 Qf6 11.Qxf6 Nxf6 12.Bd3 c5 13.Nf3 Nc6 14.Rb1 b6 15.O-O Bd7
16.d5 exd5 17.Re1+ Kf8 18.cxd5 Nxd5 19.c4 Nde7 20.Bb2 Rg8 21.Rf1 Kf7 22.Rbe1 Raf8
23.Nh4 Rg4 24.g3  1/2-1/2

[Event "7th Gibtelecom Masters"]
[Site "Caleta ENG"]
[Date "2009.01.27"]
[Round "1"]
[White "Capo Vidal,U"]
[Black "Dittmar,P"]
[Result "1-0"]
[WhiteElo "2336"]
[BlackElo "2382"]

1.d4 Nf6 2.c4 e6 3.Nc3 Bb4 4.f3 Nc6 5.a3 Bxc3+ 6.bxc3 d6 7.e4 O-O 8.Bd3 e5
9.Ne2 b6 10.O-O Ba6 11.f4 Nd7 12.Ng3 exd4 13.cxd4 Nxd4 14.Bb2 c5 15.Qg4 Nf6
16.Qh4 Ne8 17.Qh3 Qc8 18.Nf5 Nxf5 19.exf5 f6 20.Rae1 Rf7 21.Re3 d5 22.cxd5 Bxd3
23.Rxd3 Nd6 24.g4 Qd7 25.Re1 Qa4 26.Qf3 Rd8 27.Re6 Qc2 28.Re2 Qb1+ 29.Kg2 c4
30.Rde3 h6 31.a4 Rfd7 32.Ba3 Qa1 33.Bxd6 Rxd6 34.g5 Qxa4 35.gxh6 Rxd5 36.Qg4 g5
37.Qh5  1-0